01147nam a2200241Ia 4500001001100000003001000011008004100021040002500062041001300087100001400100245006300114250001100177260006200188300002800250500013800278501011400416520013800530650001900668942000700687957000600694999004300700952016200743L942-43573IT-CnALBA170116s9999||||xx |||||||||||||| ||und|| aIT-CnALBAcIT-CnALBA aITALIANO aTHIERS M. 0aSTORIE DEL CONSOLATO E DELL'IMPERO DI NAPOLEONE. TOMO IV.  a1a ed. a PALERMObLAO FRANCESCO, TIPOGRAFIA c1858 [1° Ed.:1858] a618 p. (prefazione: 14) aIL DIVORZIO DI NAPOLEONE. BLOCCO CONTINENTALE. TORRES VEDRAS. FUENTES D'OGNORO. IL CONCILIO. TARRAGONA. PASSAGGIO DEL NIEMEN. MOSCA.  aSocietà San Paolo EM - Piazza San Paolo, 14 - 12051 ALBA (CN) (non commercial uses only) ® Copyright 2017 aIL DIVORZIO DI NAPOLEONE. BLOCCO CONTINENTALE. TORRES VEDRAS. FUENTES D'OGNORO. IL CONCILIO. TARRAGONA. PASSAGGIO DEL NIEMEN. MOSCA.  aSTORIA MODERNA cBK 71 a48965bSI g Copie: 1 c302539d302539 0010406L_9424357371aALBAbALBAd2017-01-16l0oL942-43573r2017-01-16 00:00:00w2017-01-16yBKz(data import: 16 gennaio 2017) - By Epidotti, Vaglietti.